Guess the Celebrity by Picture - Letter F - Statistics

General Stats
  • This quiz has been taken 354 times
    312 since last reset
  • The average score is 4 of 8
Answer Stats
Picture Answer % Correct
Freddie Mercury
93%
Frank Sinatra
88%
50 Cent
60%
Fergie
53%
Fidel Castro
53%
Farrah Fawcett
38%
Flo Rida
26%
Faith Hill
13%
No matching quizzes found
Score Distribution
Percent of People with Each Score
Percentile by Number Answered
Your Score History
You have not taken this quiz since the last reset